Zloduch

Bibliographic Details
Main Author: Fedosejev, Georgij (Author)
Format: Book
Language:Undetermined
PhysicalDescription:230 s.
Published: Praha Lidové nakladatelství 1969

MARC

LEADER 00000nam a2200000 a 4500
001 vtls001300574
003 SK-MaSNL
005 20260302070032.0
008 240318s1969 xx 0 und
035 |a SNK000252572 
040 |a SNK  |b slo  |c SNK  |e AACR2 
100 1 |a Fedosejev, Georgij  |4 aut  |9 730048 
245 1 0 |a Zloduch 
260 |a Praha  |b Lidové nakladatelství  |c 1969 
300 |a 230 s. 
958 |a OND 
999 |c 1145172  |d 1147102 
952 |a SNK  |b SNK  |y PREZ  |7 0  |p 17A0932085  |o snkSC 25268  |0 0  |1 0  |4 0  |d 2012-08-28  |l 0  |r 2026-02-24 19:46:37  |w 2026-02-24 
952 |t P60, <04>, [BOOK], {604}  |a SNK  |b SNK  |y VYP  |7 0  |p 17A0091872  |o snkSC 25268 D1  |0 0  |1 0  |4 0  |d 1997-08-27  |l 0  |r 2005-01-02 00:00:00  |w 2026-02-24